000 00613nam a2200121Ia 4500
008 220615s9999||||xx |||||||||||||| ||und||
245 0 _aHalal Development: Trends, Opportunities and Challenges
_bProceedings of the 1st International Conference on Halal Development (ICHaD 2020), Malang, Indonesia, October 8, 2020
546 _aEnglish[eng]
650 _ahalal food||hospitality||muslim||tourism
700 _aPratikto, Heri||Taufiq, Ahmad||Voak, Adam||Deuraseh, Nurdeng||Nur, Hadi||Dahlan, Winai||Purnomo, Agus
856 _uhttps://library.oapen.org/bitstream/20.500.12657/49728/1/9781000416008.pdf
942 _cEB
999 _c15655
_d15655